| 000 | 00740nam a2200205 a 4500 | ||
|---|---|---|---|
| 005 | 20240413063641.0 | ||
| 008 | 050422s1988 mx r 000 0 spa d | ||
| 020 | _a9688376752 | ||
| 035 | _aUPN01000138251 | ||
| 049 | _aCG | ||
| 050 | 4 |
_aF1234 _bM3.8 |
|
| 245 | 0 | 0 |
_aManual de historia del México contemporáneo (1917-1940) / _cMargarita Avila Ramírez ... [et. al.] ; coord. Alejandra Lajous. |
| 260 |
_aMéxico : _bUNAM, Instituto de Investigaciones Históricas, _c1988. |
||
| 300 |
_a357 p. : _bil. |
||
| 651 | 4 |
_aMéxico _xHistoria _y1910-1946 _91296 |
|
| 651 | 4 |
_aMéxico _xHistoria _xCronología _97932 |
|
| 700 | 1 |
_aAvila Ramírez, Margarita, _ecoaut. |
|
| 700 | 1 |
_aLajous Vargas, Alejandra, _d1948- _ecoord. _928936 |
|
| 905 | _aLibro | ||
| 999 |
_c110399 _d110399 |
||